News for sale : (Record no. 291257)
[ view plain ]
| 000 -LEADER | |
|---|---|
| fixed length control field | 00799nam a2200289Ia 4500 |
| 008 - FIXED-LENGTH DATA ELEMENTS--GENERAL INFORMATION | |
| fixed length control field | 160303s9999 xx 000 0 und d |
| 020 ## - INTERNATIONAL STANDARD BOOK NUMBER | |
| International Standard Book Number | 971-8686-39-8 |
| 050 ## - LIBRARY OF CONGRESS CALL NUMBER | |
| Classification number | FIL P 96 |
| 050 ## - LIBRARY OF CONGRESS CALL NUMBER | |
| Item number | .C74H64 2004 c.1 |
| 100 ## - MAIN ENTRY--PERSONAL NAME | |
| Personal name | Hofileña, Chay Florentino - |
| 245 ## - TITLE STATEMENT | |
| Title | News for sale : |
| 245 ## - TITLE STATEMENT | |
| Remainder of title | the corruption & commercialization of the Philippine media / |
| 245 ## - TITLE STATEMENT | |
| Statement of responsibility, etc | Chay Florentino - Hofileña. |
| 250 ## - EDITION STATEMENT | |
| Edition statement | New Edition |
| 260 ## - PUBLICATION, DISTRIBUTION, ETC. (IMPRINT) | |
| Place of publication, distribution, etc | Manila: |
| 260 ## - PUBLICATION, DISTRIBUTION, ETC. (IMPRINT) | |
| Name of publisher, distributor, etc | [s.n.] : |
| 260 ## - PUBLICATION, DISTRIBUTION, ETC. (IMPRINT) | |
| Date of publication, distribution, etc | 2004 |
| 300 ## - PHYSICAL DESCRIPTION | |
| Extent | 120 pages : |
| 300 ## - PHYSICAL DESCRIPTION | |
| Other physical details | illustrations ; |
| 300 ## - PHYSICAL DESCRIPTION | |
| Dimensions | 23 cm. |
| 650 ## - SUBJECT ADDED ENTRY--TOPICAL TERM | |
| Topical term or geographic name as entry element | Communication -- |
| 650 ## - SUBJECT ADDED ENTRY--TOPICAL TERM | |
| Topical term or geographic name as entry element | Crime in mass media -- |
| 650 ## - SUBJECT ADDED ENTRY--TOPICAL TERM | |
| Topical term or geographic name as entry element | Mass media -- |
| 650 ## - SUBJECT ADDED ENTRY--TOPICAL TERM | |
| General subdivision | Philippines -- Corrupt practices. |
| 650 ## - SUBJECT ADDED ENTRY--TOPICAL TERM | |
| General subdivision | Philippines. |
| 650 ## - SUBJECT ADDED ENTRY--TOPICAL TERM | |
| General subdivision | Political aspects. |
| Withdrawn status | Lost status | Damaged status | Home library | Current library | Shelving location | Date acquired | Total Checkouts | Full call number | Barcode | Date last seen | Price effective from | Koha item type |
|---|---|---|---|---|---|---|---|---|---|---|---|---|
| South Mansfield College | South Mansfield College | Filipiniana Section | 03/07/2005 | FIL P 96 .C74H64 2004 c.1 | SMC01511 | 03/03/2016 | 03/03/2016 |